| 000 | 00736nam a2200253Ia 4500 | ||
|---|---|---|---|
| 003 | OSt | ||
| 005 | 20220918110103.0 | ||
| 006 | a|||||r|||| 00| 0 | ||
| 007 | ta | ||
| 008 | 220915b |||||||| |||| 00| 0 eng d | ||
| 024 | _a15008 | ||
| 037 | _cReference Collections | ||
| 040 |
_aARTS _cARTS _beng |
||
| 041 |
_2eng _aeng |
||
| 082 | _aNTaN68, L2 (RR) | ||
| 100 |
_aRachow Louis comp. _95700 |
||
| 245 | 0 | _aGuide to the performing arts 1968 | |
| 260 |
_aMetuchen _bScarecrow Press _c1972 |
||
| 300 | _axiv,407p. | ||
| 650 | _aARTS | ||
| 700 |
_a Hartley Ratherine comp _95701 |
||
| 942 |
_hNTaN68, L2 (RR) _cREF |
||
| 999 |
_c111033 _d111033 |
||